000 00868nam a22002177a 4500
003 UA-OsUOA
001 110098
007 ta
008 20150217b un ||||| |||| 00| 0 ukr d
100 _aГордійчук О.
090 _a94(477)
_bГ68
942 _cSA
040 _aUA-OsUOA
_bukr
_cUA-OsUOA
_dUA-OsUOA
245 _aДіяльність педагогічної місії Антона Крушельницького щодо забезпечення навчальною літературою загальноосвітніх шкіл у добу Дирекорії Української Народної Республіки
300 _aС.33-36
955 _a0
041 _aukr
080 _a94(477)
773 0 _w110094
_tМандрівець
_dТернопіль
_d2014
_g6
650 7 _a9 Географія. Біографії. Історія
_2UDC
999 _c396117
_d396117